000 00618nam a22002417a 4500
003 UA-OsUOA
001 20408
007 ta
008 20031028b un ||||| |||| 00| 0 ukr d
100 _aХорев Б.С.
090 _a314.12
_bХ79
942 _cBK
040 _aUA-OsUOA
_brus
_cUA-OsUOA
_dUA-OsUOA
245 _aНаселение страны: географические и демографические аспекты
300 _a46 с.
955 _a0
041 _arus
080 _a314.12
260 _aМосква
_bЗнание
_c1986
044 _aRU
650 7 _2UDC
999 _c306585
_d306585